Sports Quiz

Random Sports Quiz

Cardinals all-time strikeout leaders Quiz Stats

Quiz not verified by Sporcle

Challenge
Share
Tweet
Embed
Score 0/10 Timer 04:00
0 Plays Today
Strikeouts Player % Correct
3,117Bob Gibson
98.3%
1,306Adam Wainwright
95%
1,085Chris Carpenter
93.3%
1,095Dizzy Dean
78.3%
1,079Bob Forsch
71.7%
986Matt Morris
65%
951Steve Carlton
60%
979Jesse Haines
40%
899Larry Jackson
31.7%
938Bill Doak
8.3%

You're not logged in!

Compare scores with friends on all Sporcle quizzes.
Join for Free
OR
Log In

You Might Also Like...

Show Comments

Extras

Created Dec 2, 2014ReportNominate
Tags:St Louis Cardinals

Top Quizzes Today


Score Distribution

Your Account Isn't Verified!

In order to create a playlist on Sporcle, you need to verify the email address you used during registration. Go to your Sporcle Settings to finish the process.

Report this User

Report this user for behavior that violates our Community Guidelines.

Details: